[Event "AUTO-ADV-330"]
[Site "http://www.queenalice.com/game.php?id=140926"]
[Date "2006.12.13"]
[Round "1"]
[White "whitekings"]
[Black "Carlos_Naves"]
[Result "0-1"]
[WhiteElo "1682"]
[BlackElo "1890"]

1. e4 c5 2. Nc3 Nc6 3. f4 e6 4. Nf3 d5 5. exd5 exd5 6. d4 Nf6 7. Bb5 Bd6 8. O-O
O-O 9. Qd3 a6 10. Bxc6 bxc6 11. Be3 c4 12. Qd2 Rb8 13. Rab1 Bb4 14. a3 Ne4 15.
Qe1 Bxc3 16. bxc3 Rxb1 17. Qxb1 Nxc3 18. Qb4 Ne4 19. Rb1 Qc7 20. Nd2 Nxd2 21.
Bxd2 Bf5 22. Rb2 Re8 23. Kf2 Qd7 24. Qb6 Qe6 25. c3 Qe2+ 26. Kg3 Qg4+ 27. Kf2
Re2+ 28. Kf1 Qxg2# 0-1

[Event "AUTO-ADV-330"]
[Site "http://www.queenalice.com/game.php?id=140935"]
[Date "2006.12.13"]
[Round "1"]
[White "Tom"]
[Black "whitekings"]
[Result "1-0"]
[WhiteElo "1680"]
[BlackElo "1697"]

1. c4 Nf6 2. Nc3 Nc6 3. Nf3 e6 4. g3 Bb4 5. Bg2 O-O 6. O-O d5 7. cxd5 exd5 8.
Qb3 Be6 9. Ng5 Qd7 10. Re1 Rad8 11. Nxe6 fxe6 12. a3 Bxc3 13. bxc3 Kh8 14. Qxb7
a5 15. Qb3 Qe8 16. d4 e5 17. dxe5 Nxe5 18. Bg5 c6 19. Bxf6 Rxf6 20. Rab1 Nc4 21.
Qa2 Qf8 22. Rf1 Nxa3 23. Rb7 Nc4 24. e4 Qc5 25. exd5 cxd5 26. Qe2 Rff8 27. Qg4
g6 28. Qe6 Nd6 29. Qe5+ Kg8 30. Qg7# 1-0

[Event "AUTO-ADV-330"]
[Site "http://www.queenalice.com/game.php?id=140936"]
[Date "2006.12.13"]
[Round "1"]
[White "whitekings"]
[Black "Tom"]
[Result "0-1"]
[WhiteElo "1720"]
[BlackElo "1632"]

1. e4 c5 2. Nc3 Nc6 3. f4 d6 4. Nf3 e6 5. Bb5 Bd7 6. O-O Nf6 7. Qe2 a6 8. Bxc6
Bxc6 9. d3 Be7 10. Be3 O-O 11. Rae1 d5 12. exd5 exd5 13. d4 Re8 14. Qd3 c4 15.
Qd2 b5 16. a3 b4 17. axb4 Bxb4 18. Qd1 Ne4 19. Bd2 Nxc3 20. Bxc3 Bxc3 21. bxc3
Qa5 22. Qd2 Re4 23. Ra1 Qc7 24. Ng5 Re7 25. Qf2 Bb7 26. Qh4 h6 27. Nf3 Re3 28.
Ra3 Rae8 29. Ne5 Qd6 30. Rfa1 f6 31. Nf3 R3e4 32. g3 Re2 33. R1a2 Qb6 34. Qh3
Qb1+ 35. Qf1 Re1 36. Nxe1 Rxe1 37. Qxe1 Qxe1+ 38. Kg2 Qe4+ 39. Kf2 Qh1 40. h4
Qh2+ 41. Kf3 Bc8 42. Ra5 Kf7 43. Rxd5 Qh1+ 44. Ke3 Qxd5 45. Ra4 Qe6+ 46. Kf3
Qc6+ 47. Ke3 Qxa4 48. Kd2 Bf5 49. Ke3 Qxc2 50. Kf3 Qxc3+ 51. Ke2 Qd3+ 52. Kf2 c3
53. Ke1 Qd2+ 54. Kf1 Bh3+ 55. Kg1 Qg2# 0-1

[Event "AUTO-ADV-286"]
[Site "http://www.queenalice.com/game.php?id=157101"]
[Date "2007.1.21"]
[Round "2"]
[White "vindaloo"]
[Black "whitekings"]
[Result "1-0"]
[WhiteElo "1851"]
[BlackElo "1699"]

1. e4 e5 2. b3 Nc6 3. Bb2 Nf6 4. f4 d6 5. Bb5 Bg4 6. Bxc6+ bxc6 7. Nf3 Nxe4 8.
O-O exf4 9. d3 Nf6 10. Nbd2 d5 11. h3 Bh5 12. Re1+ Be7 13. Ba3 Ng8 14. Qe2 Qd7
15. Qf2 O-O-O 16. Qxa7 Qe8 17. Ne5 Bc5+ 18. Bxc5 Qxe5 19. Rxe5 Bg6 20. Rae1 Kd7
21. Bb6 Rc8 22. Re8 Rxe8 23. Qxc7# 1-0

[Event "AUTO-ADV-286"]
[Site "http://www.queenalice.com/game.php?id=157102"]
[Date "2007.1.21"]
[Round "2"]
[White "whitekings"]
[Black "vindaloo"]
[Result "1-0"]
[WhiteElo "1700"]
[BlackElo "1760"]

1. e4 c5 2. Nc3 e6 3. f4 Nc6 4. Nf3 Be7 5. Bb5 Qc7 6. d3 b6 7. O-O Nf6 8. Be3 a6
9. Bxc6 Qxc6 10. Qe2 d6 11. Rae1 O-O 12. f5 exf5 13. exf5 Bd8 14. Bg5 h6 15. Bh4
Bxf5 16. Ne4 Nxe4 17. dxe4 Re8 18. Bxd8 Raxd8 19. Nd2 Bc8 20. Qh5 Be6 21. Nf3 a5
22. b3 f6 23. Nh4 Bf7 24. Qg4 d5 25. Nf5 g6 26. Nxh6+ Kg7 27. Nf5+ Kg8 28. exd5
Qxd5 29. Ne7+ Rxe7 30. Rxe7 Qd4+ 31. Qxd4 Rxd4 32. Rxf6 Rd1+ 33. Rf1 Rxf1+ 34.
Kxf1 Bd5 35. Rd7 Be4 36. Rd2 Kf7 37. h4 Ke6 38. Re2 Kf5 39. Kf2 Kf4 40. g3+ Kf5
41. c3 Bd3 42. Re3 Bb1 43. a3 b5 44. b4 cxb4 45. cxb4 a4 46. Kf3 Bc2 47. g4+ Kf6
48. Kf4 Bb3 49. Rh3 Be6 50. h5 g5+ 51. Kg3 Bg8 52. h6 Bh7 53. Kf3 Ke5 54. Ke3
Kd5 55. Rh5 Kc4 56. Rxg5 Kb3 57. Rxb5 Kxa3 58. Rb7 Bg6 59. h7 Bxh7 60. Rxh7 Kb3
61. Ra7 a3 62. Rxa3+ 1-0

[Event "AUTO-ADV-286"]
[Site "http://www.queenalice.com/game.php?id=157105"]
[Date "2007.1.21"]
[Round "2"]
[White "whitekings"]
[Black "stoyan1"]
[Result "1-0"]
[WhiteElo "1692"]
[BlackElo "1829"]

1. e4 e5 2. Nf3 Bd6 3. Bc4 h6 4. O-O Nf6 5. Nc3 c6 6. d4 Qe7 7. Re1 b5 8. Bb3 a5
9. a4 b4 10. Nb1 O-O 11. Nbd2 Bc7 12. Nc4 d5 13. exd5 cxd5 14. Ncxe5 Be6 15. Bf4
Ne4 16. Qd3 Qd8 17. c3 f6 18. Ng6 Re8 19. cxb4 axb4 20. Nfh4 Bf7 21. Bxc7 Qxc7
22. f3 Ng5 23. Qb5 Rxe1+ 24. Rxe1 Ra5 25. Qxb4 Nc6 26. Qf8+ 1-0

[Event "AUTO-OPEN-376"]
[Site "http://www.queenalice.com/game.php?id=187761"]
[Date "2007.3.26"]
[Round "2"]
[White "whitekings"]
[Black "CWynn"]
[Result "0-1"]
[WhiteElo "1738"]
[BlackElo "1995"]

1. e4 c5 2. Nc3 Nc6 3. f4 e6 4. Nf3 g6 5. Bb5 Nge7 6. d3 Bg7 7. O-O O-O 8. Qe1
a6 9. Bxc6 dxc6 10. Be3 Bd4 11. Kh1 b5 12. a4 Bb7 13. Nd1 Qd6 14. c3 Bg7 15. Qd2
Rfd8 16. Nf2 c4 17. d4 c5 18. dxc5 Qc6 19. Qc2 f5 20. e5 Nd5 21. Qc1 Rac8 22.
Bd4 Bh6 23. g3 Nb6 24. Nh3 Nxa4 25. Ng5 Bxg5 26. fxg5 Nxc5 27. Qf4 Nd3 28. Qd2
Qe4 29. Kg1 Qg4 30. Qe3 Nxb2 31. Rae1 Nd3 32. Re2 f4 33. Qd2 Bxf3 34. Rxf3 Qxf3
35. gxf4 Rf8 36. Be3 Rcd8 37. Qc2 Nxe5 38. Bf2 Rxf4 39. Rxe5 Rd1+ 40. Re1 Rxe1+
41. Bxe1 Qf1# 0-1

[Event "AUTO-OPEN-376"]
[Site "http://www.queenalice.com/game.php?id=187762"]
[Date "2007.3.26"]
[Round "2"]
[White "CWynn"]
[Black "whitekings"]
[Result "1-0"]
[WhiteElo "1952"]
[BlackElo "1748"]

1. e4 e5 2. f4 exf4 3. Nf3 Nc6 4. d4 Nf6 5. Nbd2 d5 6. Bd3 Bd6 7. e5 Be7 8. exf6
Bxf6 9. c3 O-O 10. O-O Bg4 11. Nb3 Re8 12. Bxf4 Qd7 13. Qc2 h6 14. Rae1 Bxf3 15.
Rxe8+ Rxe8 16. Rxf3 Re1+ 17. Rf1 Qe7 18. Qf2 Re6 19. Nc5 Bh4 20. g3 Bg5 21. Nxe6
fxe6 22. Bxg5 hxg5 23. Bg6 Nd8 24. Qf3 a6 25. Qh5 Nf7 26. Bxf7+ Qxf7 27. Qxf7+
Kh8 28. g4 Kh7 29. Rf3 Kh6 30. Rh3# 1-0

[Event "Challenge"]
[Site "http://www.queenalice.com/game.php?id=191942"]
[Date "2007.4.4"]
[Round "-"]
[White "whitekings"]
[Black "sphere"]
[Result "1-0"]
[WhiteElo "1734"]
[BlackElo "1692"]

1. e4 e5 2. Nf3 Nc6 3. Bb5 a6 4. Ba4 Nf6 5. O-O b5 6. Bb3 d6 7. Re1 Be7 8. c3
O-O 9. h3 Na5 10. Bc2 c5 11. a3 c4 12. b4 Nb3 13. Bxb3 cxb3 14. Qxb3 Bb7 15. d3
d5 16. exd5 Bxd5 17. c4 Bxf3 18. gxf3 Qd7 19. Kg2 Nh5 20. Nc3 Qxd3 21. cxb5 Rfc8
22. Bb2 Nf4+ 23. Kg3 Bh4+ 24. Kxh4 Qxf3 25. Rh1 g5+ 26. Kxg5 Qh5+ 27. Kf6 Qg6+
28. Kxe5 Nd3+ 29. Kd4 axb5 30. Rhg1 1-0

[Event "Challenge"]
[Site "http://www.queenalice.com/game.php?id=193337"]
[Date "2007.4.7"]
[Round "-"]
[White "hk1960"]
[Black "whitekings"]
[Result "0-1"]
[WhiteElo "1000"]
[BlackElo "1732"]

1. d4 d5 2. e3 Bf5 3. a4 Nf6 4. Be2 Nbd7 5. Bd3 e6 6. Nf3 c5 7. O-O Qb6 8. Bd2
Rc8 9. Nh4 Bxd3 10. cxd3 cxd4 11. Nc3 dxc3 12. Bxc3 e5 13. Rb1 Bc5 14. d4 exd4
15. Nf5 O-O 16. Bxd4 Qe6 17. Nxg7 Kxg7 18. b4 Bxd4 19. Qxd4 Rg8 20. Qxa7 Qc6 21.
b5 Qb6 22. Qxb6 Nxb6 23. Rbd1 Nxa4 24. f4 Nc3 25. Rde1 Nxb5 26. Rb1 Nd6 27. Rbe1
Rb8 28. Rf3 b5 29. Rg3+ Kh8 30. Rxg8+ Kxg8 31. g3 b4 32. f5 Nxf5 33. Rf1 Nxe3
34. Rxf6 b3 35. Rf3 b2 36. Rxe3 b1=Q+ 37. Kg2 Rb2+ 38. Kh3 Qf5+ 39. g4 Qf4 40.
Kh4 Qxe3 41. h3 Rh2 42. Kh5 Rxh3# 0-1

[Event "Challenge"]
[Site "http://www.queenalice.com/game.php?id=193905"]
[Date "2007.4.8"]
[Round "-"]
[White "headhunter"]
[Black "whitekings"]
[Result "1-0"]
[WhiteElo "2050"]
[BlackElo "1737"]

1. e4 e5 2. Nf3 Nc6 3. Bb5 a6 4. Bxc6 dxc6 5. O-O Bg4 6. h3 h5 7. d3 Bxf3 8.
Qxf3 Nf6 9. Bg5 Bc5 10. Nd2 Qd6 11. Nc4 O-O-O 12. Nxd6+ Rxd6 13. c3 Re6 14. Be3
Bd6 15. b4 Rhe8 16. a4 Rd8 17. b5 cxb5 18. axb5 axb5 19. Ra8+ Kd7 20. Rxd8+ Kxd8
21. Ra1 Kd7 22. g4 hxg4 23. hxg4 Re7 24. Qf5+ Kd8 25. Ra8# 1-0

[Event "Challenge"]
[Site "http://www.queenalice.com/game.php?id=211076"]
[Date "2007.5.15"]
[Round "-"]
[White "Lightningzap007"]
[Black "whitekings"]
[Result "1-0"]
[WhiteElo "1541"]
[BlackElo "1673"]

1. e4 e5 2. f4 exf4 3. Nf3 Nc6 4. d4 d5 5. exd5 Qxd5 6. Bxf4 Bd6 7. Bxd6 Qxd6 8.
Bb5 Nf6 9. O-O O-O 10. Bxc6 Qxc6 11. Nbd2 Be6 12. c3 Nd5 13. Ne5 Qa6 14. Qf3
Rad8 15. Qg3 Qe2 16. Rf2 Qe3 17. Qxe3 Nxe3 18. Ndf3 Ng4 19. Nxg4 Bxg4 20. Re1
1-0

[Event "Challenge"]
[Site "http://www.queenalice.com/game.php?id=214676"]
[Date "2007.5.22"]
[Round "-"]
[White "Kleber_Willian"]
[Black "whitekings"]
[Result "1/2-1/2"]
[WhiteElo "1462"]
[BlackElo "1732"]

1. e4 e5 2. Nf3 Nc6 3. d4 exd4 4. Nxd4 Nf6 5. Nxc6 bxc6 6. Nc3 d5 7. Bg5 Be6 8.
Bxf6 gxf6 9. Bd3 Bc5 10. O-O Qd7 11. Qf3 O-O-O 12. Qxf6 Rhg8 13. Qf3 Bg4 14. Qf4
Bh3 15. Qf3 Bg4 16. Qg3 Bh3 17. Qf3 1/2-1/2

[Event "AUTO-OPEN-367"]
[Site "http://www.queenalice.com/game.php?id=236048"]
[Date "2007.7.7"]
[Round "3"]
[White "brunoparadisi"]
[Black "whitekings"]
[Result "1-0"]
[WhiteElo "1870"]
[BlackElo "1652"]

1. e4 e5 2. Nf3 Nc6 3. Bc4 Bc5 4. c3 Nf6 5. d3 O-O 6. b4 Bb6 7. a4 a5 8. b5 Ne7
9. Nxe5 d6 10. Nf3 Bg4 11. Nbd2 Qd7 12. O-O d5 13. e5 dxc4 14. exf6 Nd5 15. fxg7
Kxg7 16. Nxc4 Nxc3 17. Bb2 Bd4 18. Bxc3 Bxc3 19. Rc1 Bf6 20. Re1 Rad8 21. Nxa5
b6 22. Nc6 Rde8 23. Kf1 Rxe1+ 24. Kxe1 Re8+ 25. Kf1 1-0

[Event "AUTO-OPEN-367"]
[Site "http://www.queenalice.com/game.php?id=236049"]
[Date "2007.7.7"]
[Round "3"]
[White "whitekings"]
[Black "brunoparadisi"]
[Result "0-1"]
[WhiteElo "1645"]
[BlackElo "1877"]

1. e4 c6 2. d4 d5 3. e5 Bf5 4. Nf3 e6 5. Be2 Nd7 6. O-O c5 7. Be3 cxd4 8. Bxd4
a6 9. Nc3 b5 10. Nxb5 axb5 11. Bxb5 Qc7 12. c3 h6 13. a4 Be7 14. b4 g5 15. h3 h5
16. Re1 Nh6 17. Nh2 Rg8 18. g4 hxg4 19. hxg4 Bg6 20. Qe2 Kf8 21. a5 Rh8 22. Bd3
Kg7 23. b5 Rxa5 24. Rxa5 Qxa5 25. Rb1 Nb6 0-1

[Event "Challenge"]
[Site "http://www.queenalice.com/game.php?id=241955"]
[Date "2007.7.18"]
[Round "-"]
[White "Mike36bh"]
[Black "whitekings"]
[Result "1-0"]
[WhiteElo "1705"]
[BlackElo "1721"]

1. d4 d5 2. Nc3 Nf6 3. Bf4 Bf5 4. Nf3 e6 5. a3 c5 6. e3 Nc6 7. dxc5 Bxc5 8. Nb5
O-O 9. b4 Bb6 10. Bd3 Bg4 11. h3 Bh5 12. O-O e5 13. g4 exf4 14. gxh5 1-0